Realities, Challenges, Visions? (Record no. 30898)
[ view plain ]
| 000 -LEADER | |
|---|---|
| fixed length control field | 00644nam a2200121Ia 4500 |
| 008 - FIXED-LENGTH DATA ELEMENTS--GENERAL INFORMATION | |
| fixed length control field | 220620s9999||||xx |||||||||||||| ||und|| |
| 245 #0 - TITLE STATEMENT | |
| Title | Realities, Challenges, Visions? |
| Remainder of title | Towards a New Foreign Cultural and Educational Policy |
| 546 ## - LANGUAGE NOTE | |
| Language note | English[eng] |
| 650 ## - SUBJECT ADDED ENTRY--TOPICAL TERM | |
| Topical term or geographic name entry element | Außenkulturpolitik; Bildung; Zivilgesellschaft; Demokratie; Netzwerke; Foreign Cultural Policy; Education; Civil Society; Democracy; Networks |
| 700 ## - ADDED ENTRY--PERSONAL NAME | |
| Personal name | Robertson-von Trotha, Caroline Y. |
| 856 ## - ELECTRONIC LOCATION AND ACCESS | |
| Uniform Resource Identifier | <a href="https://library.oapen.org/bitstream/20.500.12657/53950/1/realities-challenges-visions-towards-a-new-foreign-cultural-and-educational-policy-wika-report-4.pdf">https://library.oapen.org/bitstream/20.500.12657/53950/1/realities-challenges-visions-towards-a-new-foreign-cultural-and-educational-policy-wika-report-4.pdf</a> |
| 942 ## - ADDED ENTRY ELEMENTS (KOHA) | |
| Koha item type | E-Books |
| Withdrawn status | Lost status | Damaged status | Not for loan | Home library | Current library | Date acquired | Total Checkouts | Date last seen | Price effective from | Koha item type |
|---|---|---|---|---|---|---|---|---|---|---|
| Kerala University of Digital Sciences, Innovation and Technology Knowledge Centre | Kerala University of Digital Sciences, Innovation and Technology Knowledge Centre | 20/06/2022 | 20/06/2022 | 20/06/2022 | E-Books |